|
|
|
|
| LEADER |
01033nam a2200301 a 4500 |
| 001 |
5307 |
| 003 |
BD-DhAAL |
| 005 |
20151003201227.0 |
| 008 |
151003s2002 enk b 000 0 eng |
| 010 |
|
|
|a 2003276887
|
| 015 |
|
|
|a GBA2-W8224
|
| 020 |
|
|
|a 0749442301
|
| 020 |
|
|
|a 0749438320 (pbk.)
|
| 040 |
|
|
|a DLC
|c DLC
|d DLC
|d BD-DhAAL
|
| 050 |
0 |
0 |
|a BF637.S4
|b C595 2002
|
| 082 |
0 |
0 |
|a 158.1
|2 22
|
| 100 |
1 |
|
|a Clegg, Brian.
|9 15010
|
| 245 |
1 |
0 |
|a Crash course in personal development /
|c Brian Clegg.
|
| 260 |
|
|
|a London :
|b Kogan Page ; Sterling, VA : Stylus Pub.,
|c 2004.
|
| 300 |
|
|
|a x, 257 p. ;
|c 24 cm.
|
| 504 |
|
|
|a Includes bibliographical references (p. 249-250)
|
| 541 |
|
|
|e 5307
|
| 650 |
|
0 |
|a Self-actualization (Psychology)
|9 15079
|
| 650 |
|
0 |
|a Success in business.
|9 15080
|
| 650 |
|
0 |
|a Career development.
|9 10376
|
| 942 |
|
|
|2 ddc
|c BK
|
| 999 |
|
|
|c 35671
|d 35671
|
| 952 |
|
|
|0 0
|1 0
|2 ddc
|4 0
|6 158_100000000000000_CLE
|7 0
|9 56096
|a SCL
|b SCL
|c GEN
|d 2015-10-03
|g 559.00
|l 2
|m 8
|o 158.1 CLE
|p 3020005307
|r 2022-12-21
|s 2022-10-06
|t 1
|w 2015-10-03
|y BK
|